header

An encyclopedia of swearing (Record no. 236758)

MARC details
000 -LEADER
fixed length control field 01525nam a2200373 a 4500
082 04 - DEWEY DECIMAL CLASSIFICATION NUMBER
Classification number 427/.09
100 1# - MAIN ENTRY--AUTHOR NAME
Personal name Hughes, Geoffrey,
245 13 - TITLE STATEMENT
Title An encyclopedia of swearing
260 ## - PUBLICATION, DISTRIBUTION, ETC. (IMPRINT)
Place of publication Armonk, N.Y. :
Name of publisher M.E. Sharpe,
Year of publication c2006.
300 ## - PHYSICAL DESCRIPTION
Number of Pages xxv, 573 p. :
Other physical details ill.
650 #0 - SUBJECT ADDED ENTRY--TOPICAL TERM
Topical Term English language
Topical Term English language
Topical Term Blessing and cursing
Topical Term Invective
Topical Term Swearing
856 40 - ELECTRONIC LOCATION AND ACCESS
Uniform Resource Identifier http://site.ebrary.com/lib/rucke/Doc?id=10178137

No items available.

© 2026 Rongo University
Contact us: librarian | system librarian | Rongo university